| Tag |
First Indicator |
Second Indicator |
Subfields |
| LEADER |
00000cam a2200000 i 4500 |
| 001 |
in00000689021 |
| 005 |
20151016050635.0 |
| 008 |
800403s1979 enka b 00110 eng |
| 010 |
|
|
|a 80465323
|
| 015 |
|
|
|a GB***
|
| 020 |
|
|
|a 0853348103 :
|c 19.00
|
| 035 |
|
|
|a (OCoLC)05340342
|
| 035 |
|
|
|9 ADA5842AM
|
| 040 |
|
|
|a DLC
|c DLC
|d TXA
|d UtOrBLW
|
| 049 |
|
|
|a TXAM
|c [1497723]
|
| 050 |
0 |
0 |
|a TP1180.S7
|b B74
|
| 082 |
0 |
|
|a 668.4/233
|
| 100 |
1 |
|
|a Brighton, C. A.
|
| 245 |
1 |
0 |
|a Styrene polymers :
|b technology and environmental aspects /
|c C. A. Brighton, G. Pritchard, G. A. Skinner.
|
| 264 |
|
1 |
|a London :
|b Applied Science Publishers,
|c [1979]
|
| 264 |
|
4 |
|c ©1979
|
| 300 |
|
|
|a vii, 284 pages :
|b illustrations ;
|c 23 cm.
|
| 336 |
|
|
|a text
|b txt
|2 rdacontent
|
| 337 |
|
|
|a unmediated
|b n
|2 rdamedia
|
| 338 |
|
|
|a volume
|b nc
|2 rdacarrier
|
| 504 |
|
|
|a Includes bibliographical references and index.
|
| 650 |
|
0 |
|a Styrene.
|
| 700 |
1 |
|
|a Pritchard, G.
|q (Geoffrey)
|
| 700 |
1 |
|
|a Skinner, G. A.
|
| 999 |
|
|
|a MARS
|
| 999 |
f |
f |
|s fb646c81-9f25-3f7c-9c86-66232ed4e505
|i d83fe66d-6711-3b31-a17b-0a19b5a10ff6
|t 0
|
| 952 |
f |
f |
|p ric
|a Texas A&M University
|b Rellis Campus
|c Joint Library Facility
|d Remote Storage
|t 0
|e TP1180.S7 B74
|h Library of Congress classification
|i unmediated -- volume
|m A14805621248
|
| 998 |
f |
f |
|a TP1180.S7 B74
|t 0
|l Remote Storage
|